Capoluoghi e Iniziali delle Regioni - Quiz n°1 - Statistics

Statistiche generali
  • Questo quiz è stato fatto 37 volte
  • Il punteggio medio è 9 su 10
Statistiche sulle risposte
Hint Risposta % Corretto
Cesena E
96%
Urbino M
96%
Alessandria P
96%
Aosta V
96%
Verona V
96%
Vibo Valentia C
93%
Rimini E
93%
Trieste F
93%
Verbania P
89%
Trani P
89%
Nessun quiz corrispondente trovato
Distribuzione punteggi
Percentuale di utenti per punteggio
Percentile per numero di risposta
I tuoi punteggi nel tempo
Non hai fatto questo quiz